000 01364naa a22003617u 4500
001 04067
003 HDC
007 cr bn ---aaaaa
008 210114t2010 flu 000 0 eng
020 _a9781439800577 (acidfree paper)
040 _aHDC
100 _aFan, M.
_eauthor
_94095
245 0 _aFood security and soil quality : Chapter 5
_bCrop Productivity, Fertilizer Use, and Soil Quality in China /
_cby M. Fan, P. Christie, W. Zhang, and F. Zhang ; edited by Rattan Lal and B.A. Stewart.
260 _aBoca Raton, FL :
_bCRC Press,
_c2010
300 _axiii, 21 pages :
_billustrations
336 _atext
_2rdacontent
337 _acomputer
_2rdamedia
338 _aonline resource
_2rdacarrier
490 _aAdvances in soil sciences
500 _aOriginal from book
504 _aIncludes bibliographical references and index.
650 _aFood production
_93722
650 _aFood security.
_94086
650 _aSoils
_xQuality.
_94087
700 _aF. Zhang
_eauthor
_94097
700 _aLal, R.
_93407
700 _aStewart, B. A.
_q(Bobby Alton),
_d1932-
_94088
700 _aW. Zhang
_eauthor
_94096
856 _zRequest full-text at [email protected]
942 _2lcc
942 _cCHAP
942 _kEBCH 003330
999 _c1392
_d1392